| 000 | 00948nam a22001937a 4500 | ||
|---|---|---|---|
| 003 | OSt | ||
| 005 | 20260303071138.0 | ||
| 008 | 260303b |||||||| |||| 00| 0 eng d | ||
| 040 |
_aDWCL GS library _cOC |
||
| 082 | _aFic. D621s 2008 | ||
| 100 | _aDixon, Franklin W. | ||
| 245 |
_athe hardy boys mystery stories 17 _b: the secret warning _cFranklin W. Dixon |
||
| 260 |
_aCanada _bGrosset & Dunlap _cc1938 |
||
| 300 |
_a176 _billustrations _c19cm |
||
| 520 | _aThe Hardy Boys: The Secret Warning (#17) follows Frank and Joe Hardy as they investigate a suspected insurance fraud case involving a sunken ship. They help their father, Fenton Hardy, by diving for a missing, million-dollar Egyptian Pharaoh's golden head, while facing threats from criminals and investigating the mysterious "Whalebone Island". | ||
| 546 | _aEnglish | ||
| 700 | _aFranklin W. Dixon | ||
| 942 |
_2ddc _cFIC. _hFic. D621s 2008 _n0 |
||
| 999 |
_c8594 _d8594 |
||